<?xml version="1.0" encoding="UTF-8"?>
<record
    xmlns:xsi="http://www.w3.org/2001/XMLSchema-instance"
    xsi:schemaLocation="http://www.loc.gov/MARC21/slim http://www.loc.gov/standards/marcxml/schema/MARC21slim.xsd"
    xmlns="http://www.loc.gov/MARC21/slim">

  <leader>01541nam a2200361 i 4500</leader>
  <controlfield tag="001">185136</controlfield>
  <controlfield tag="003">SpMaBN</controlfield>
  <controlfield tag="005">20250928123453.0</controlfield>
  <controlfield tag="008">160323s1990    sp o         |||| | spa d</controlfield>
  <datafield tag="020" ind1=" " ind2=" ">
    <subfield code="a">84-7782-120-8</subfield>
  </datafield>
  <datafield tag="080" ind1=" " ind2=" ">
    <subfield code="a">72.034(460)</subfield>
  </datafield>
  <datafield tag="080" ind1=" " ind2=" ">
    <subfield code="a">94(460)"1474/1516"</subfield>
  </datafield>
  <datafield tag="100" ind1="1" ind2=" ">
    <subfield code="a">Masats, &#xD3;scar.</subfield>
    <subfield code="9">144933</subfield>
  </datafield>
  <datafield tag="245" ind1="1" ind2="0">
    <subfield code="a">Espa&#xF1;a colombina / </subfield>
    <subfield code="c">fotograf&#xED;a, &#xD3;scar Masats ; [pr&#xF3;logo, Luis Y&#xE1;&#xF1;ez-Barnuevo].</subfield>
  </datafield>
  <datafield tag="260" ind1=" " ind2=" ">
    <subfield code="a">Barcelona ; </subfield>
    <subfield code="a">Madrid : </subfield>
    <subfield code="b">Lunwerg, </subfield>
    <subfield code="c">[1990]</subfield>
  </datafield>
  <datafield tag="300" ind1=" " ind2=" ">
    <subfield code="a">235 p. : </subfield>
    <subfield code="b">fot. col. ; </subfield>
    <subfield code="c">30 cm.</subfield>
  </datafield>
  <datafield tag="490" ind1="1" ind2=" ">
    <subfield code="a">Biblioteca Quinto Centenario ; </subfield>
    <subfield code="v">1000</subfield>
  </datafield>
  <datafield tag="500" ind1=" " ind2=" ">
    <subfield code="a">Cronolog&#xED;a.</subfield>
  </datafield>
  <datafield tag="500" ind1=" " ind2=" ">
    <subfield code="a">&#xCD;ndice de fotograf&#xED;as.</subfield>
  </datafield>
  <datafield tag="505" ind1="8" ind2=" ">
    <subfield code="a">Contiene: Espa&#xF1;a en torno a 1492: estructuras y valores sociales / Miguel-&#xC1;ngel Ladero Quesada . La Espa&#xF1;a que recorri&#xF3; Crist&#xF3;bal Col&#xF3;n / Consuelo Varela</subfield>
  </datafield>
  <datafield tag="546" ind1=" " ind2=" ">
    <subfield code="a">Texto en espa&#xF1;ol e ingl&#xE9;s.</subfield>
  </datafield>
  <datafield tag="651" ind1=" " ind2="4">
    <subfield code="a">Espa&#xF1;a-</subfield>
    <subfield code="x">Historia-</subfield>
    <subfield code="y">1474-1516, Reyes Cat&#xF3;licos.</subfield>
    <subfield code="9">8222</subfield>
  </datafield>
  <datafield tag="700" ind1="1" ind2=" ">
    <subfield code="a">Ladero Quesada, Miguel &#xC1;ngel,</subfield>
    <subfield code="d">1943-</subfield>
    <subfield code="9">159216</subfield>
  </datafield>
  <datafield tag="700" ind1="1" ind2=" ">
    <subfield code="a">Varela, Consuelo, </subfield>
    <subfield code="d">1945-</subfield>
    <subfield code="9">113131</subfield>
  </datafield>
  <datafield tag="700" ind1="1" ind2=" ">
    <subfield code="a">Y&#xE1;&#xF1;ez, Luis.</subfield>
    <subfield code="9">117567</subfield>
  </datafield>
  <datafield tag="710" ind1="1" ind2=" ">
    <subfield code="a">Espa&#xF1;a. </subfield>
    <subfield code="b">Comisi&#xF3;n Nacional para la Conmemoraci&#xF3;n del V Centenario del Descubrimiento de Am&#xE9;rica.</subfield>
    <subfield code="9">3639</subfield>
  </datafield>
  <datafield tag="740" ind1="0" ind2="2">
    <subfield code="a">Espa&#xF1;a en torno a 1492: estructuras y valores sociales.</subfield>
  </datafield>
  <datafield tag="740" ind1="3" ind2="2">
    <subfield code="a">La Espa&#xF1;a que recorri&#xF3; Crist&#xF3;bal Col&#xF3;n.</subfield>
  </datafield>
  <datafield tag="830" ind1="1" ind2=" ">
    <subfield code="a">Biblioteca Quinto Centenario ; </subfield>
    <subfield code="v">1000</subfield>
    <subfield code="9">225174</subfield>
  </datafield>
  <datafield tag="852" ind1=" " ind2=" ">
    <subfield code="a">ES-MaACL</subfield>
    <subfield code="j">A-13661</subfield>
    <subfield code="9"> 192155</subfield>
    <subfield code="b">R.150396</subfield>
    <subfield code="c">DEPO1</subfield>
    <subfield code="d">Olim: N-6661</subfield>
  </datafield>
  <datafield tag="942" ind1=" " ind2=" ">
    <subfield code="2">udc</subfield>
  </datafield>
  <datafield tag="999" ind1=" " ind2=" ">
    <subfield code="c">185136</subfield>
    <subfield code="d">185136</subfield>
  </datafield>
  <datafield tag="952" ind1=" " ind2=" ">
    <subfield code="0">0</subfield>
    <subfield code="1">0</subfield>
    <subfield code="2">udc</subfield>
    <subfield code="4">0</subfield>
    <subfield code="7">0</subfield>
    <subfield code="a">ATENEOM</subfield>
    <subfield code="b">ATENEOM</subfield>
    <subfield code="c">DEPO1</subfield>
    <subfield code="d">2016-03-23</subfield>
    <subfield code="e">DONACION</subfield>
    <subfield code="l">0</subfield>
    <subfield code="o">A-13661</subfield>
    <subfield code="p">1195009</subfield>
    <subfield code="r">2023-02-23 00:00:00</subfield>
    <subfield code="w">2023-02-23</subfield>
    <subfield code="y">MONOGRAFIA</subfield>
  </datafield>
</record>
